Evaluación de niveles freáticos en una plantación de piña (Anamas comosus) en la zona Pacífico Sur de Costa Rica

Gorde:
Xehetasun bibliografikoak
Egile nagusia: Herrera Chaverri, Jairon
Formatua: Liburua
Argitaratua: San José, C.R. 1996
Gaiak:
Etiketak: Etiketa erantsi
Etiketarik gabe, Izan zaitez lehena erregistro honi etiketa jartzen!

MARC

LEADER 00000nam a2200000Ia 4500
003 008070
005 20221231144236.0
008 140114s1996 cr a m 000 ||s d
040 |c cru CEDI 
090 |a TFG 3567 
100 |a Herrera Chaverri, Jairon  |9 9760 
245 |a Evaluación de niveles freáticos en una plantación de piña (Anamas comosus) en la zona Pacífico Sur de Costa Rica 
260 |c 1996  |a  San José, C.R. 
300 |a  x, [154] hojas : ilustraciones (algunas plegables)  
500 |a Proyecto de graduación (licenciatura en ingeniería agrícola)--Universidad de Costa Rica. Facultad de Ingeniería. Escuela de Ingeniería Agrícola 
650 |x PIÑA - CULTIVO   |x HUMEDAD DE SUELOS   |x DRENAJE  |9 9761 
942 |c TFG 
999 |c 18952  |d 18952